[Event "Junior Online 4NCL Division 5"]
[Site "online"]
[Date "2020.05.07"]
[Round "4.17"]
[White "Hatem, Mika"]
[Black "Bueckert, Diana"]
[Result "1/2-1/2"]
[WhiteElo "1450"]
[BlackElo "965"]
[PlyCount "61"]
[EventDate "2020.05.07"]
[WhiteTeam "Hammersmith 2"]
[BlackTeam "St Benildus 1"]

1. e4 d5 2. exd5 Nf6 3. Nc3 Nxd5 4. Nf3 Nxc3 5. bxc3 Nc6 6. Bb5 Bd7 7. d4 e6 8.
O-O Be7 9. Re1 O-O 10. Bf4 a6 11. Bxc6 Bxc6 12. Qd3 Bf6 13. Rab1 Bb5 14. c4 Bc6
15. Be5 Bxe5 16. Nxe5 Qd6 17. h3 Rab8 18. Re3 Rfd8 19. Rg3 b5 20. cxb5 Bxb5 21.
Qf3 f6 22. Qxf6 g6 23. Nf7 Qxd4 24. Qxd4 Rxd4 25. Ne5 Rd5 26. Nc6 Re8 27. Nb4
Rd2 28. Rc3 Rf8 29. f3 Rd7 30. Re3 Re8 31. Ra3 1/2-1/2

[Event "Junior Online 4NCL Division 5"]
[Site "online"]
[Date "2020.05.07"]
[Round "4.18"]
[White "Bueckert, Lucy"]
[Black "Harb, Laith A"]
[Result "1-0"]
[WhiteElo "819"]
[BlackElo "1390"]
[PlyCount "179"]
[EventDate "2020.05.07"]
[WhiteTeam "St Benildus 1"]
[BlackTeam "Hammersmith 2"]

1. f4 d5 2. Nf3 e6 3. e3 Nf6 4. b3 Be7 5. Bb2 Nbd7 6. Be2 O-O 7. O-O b6 8. Ne5
Bb7 9. d3 c5 10. Nd2 Rc8 11. Qe1 Re8 12. Qg3 a6 13. Qh3 b5 14. Bh5 Nxh5 15.
Qxh5 Bf6 16. Qxf7+ Kh8 17. Rf3 Qe7 18. Qxe7 Rxe7 19. Rh3 Nxe5 20. Bxe5 Bxe5 21.
fxe5 Rec7 22. Nf3 c4 23. Ng5 g6 24. Nxe6 Re7 25. Ng5 Rcc7 26. Rf1 Rc8 27. Nf7+
Kg8 28. Nh6+ Kg7 29. Rff3 d4 30. Rfg3 Rxe5 31. exd4 Re2 32. Nf5+ Kf6 33. Nd6
Rc7 34. Rf3+ Ke6 35. Ne4 Bxe4 36. dxe4 Rxe4 37. bxc4 Rxd4 38. Re3+ Kd6 39. cxb5
axb5 40. Rd3 Rxd3 41. Rxd3+ Ke6 42. Re3+ Kd5 43. Re2 Kd4 44. Kf2 Kc3 45. Ke3 g5
46. Rd2 Kb2 47. Rd5 b4 48. Rb5 Ka3 49. Rxg5 Rxc2 50. Ra5+ Kb2 51. Rb5 Rc3+ 52.
Kd4 Kxa2 53. Rxb4 Rc2 54. Ra4+ Kb3 55. Ra7 Rxg2 56. Rxh7 Rd2+ 57. Ke3 Kc3 58.
h4 Rd3+ 59. Kf4 Rd4+ 60. Kg5 Kc4 61. h5 Rd5+ 62. Kg6 Rd6+ 63. Kg5 Kd5 64. h6
Ke5 65. Re7+ Kd5 66. h7 Rd8 67. Rg7 Ke6 68. Rg8 Rd5+ 69. Kg4 Rd4+ 70. Kh5 Rd5+
71. Kh6 Rd1 72. h8=Q Rh1+ 73. Kg6 Rg1+ 74. Kh5 Rh1+ 75. Kg4 Rxh8 76. Rxh8 Kf7
77. Rh6 Kg7 78. Kg5 Kf7 79. Kf5 Ke7 80. Rf6 Kd7 81. Re6 Kc7 82. Ke5 Kd7 83. Kd5
Kc7 84. Rd6 Kb7 85. Rc6 Ka7 86. Kc5 Kb7 87. Kb5 Ka7 88. Rc7+ Kb8 89. Kb6 Ka8
90. Rc8# 1-0

[Event "Junior Online 4NCL Division 5"]
[Site "online"]
[Date "2020.05.07"]
[Round "4.21"]
[White "Triffitt, Bradley"]
[Black "Dholakia, Kanish"]
[Result "1-0"]
[WhiteElo "1495"]
[BlackElo "771"]
[PlyCount "51"]
[EventDate "2020.05.07"]
[WhiteTeam "Hull and Friends 2"]
[BlackTeam "Phones Junior B"]

1. d4 Nf6 2. c4 g6 3. Nc3 Bg7 4. Bg5 d6 5. e3 O-O 6. Bd3 h6 7. Bh4 Nbd7 8. h3
e5 9. Nf3 Qe8 10. O-O e4 11. Bc2 exf3 12. Qxf3 Nb6 13. Bb3 Be6 14. Bxf6 Bxf6
15. Qxf6 Bxc4 16. Bxc4 Nxc4 17. b3 Nd2 18. Rfd1 Ne4 19. Nxe4 Qxe4 20. Rac1 Rac8
21. d5 Qe8 22. Rd4 a6 23. Rh4 h5 24. g4 Kh7 25. gxh5 Rg8 26. hxg6# 1-0

[Event "Junior Online 4NCL Division 5"]
[Site "online"]
[Date "2020.05.07"]
[Round "4.22"]
[White "Benson, Alice"]
[Black "Kasprzyk, Milosz"]
[Result "0-1"]
[WhiteElo "740"]
[BlackElo "1405"]
[PlyCount "52"]
[EventDate "2020.05.07"]
[WhiteTeam "Phones Junior B"]
[BlackTeam "Hull and Friends 2"]

1. d4 Nf6 2. Bf4 d5 3. e3 Bf5 4. Bd3 Bg6 5. Nf3 e6 6. c3 Nbd7 7. Qc2 c5 8. c4
Rc8 9. cxd5 cxd4 10. Qd1 Bxd3 11. Qxd3 Rc1+ 12. Ke2 Rxh1 13. Nxd4 Nxd5 14. Kd2
Bb4+ 15. Ke2 Nxf4+ 16. exf4 Re1+ 17. Kf3 O-O 18. a3 Nc5 19. Qb5 Qd5+ 20. Kg3
Ne4+ 21. Kh4 Be7+ 22. Kh3 Nxf2+ 23. Kg3 Ne4+ 24. Kg4 f5+ 25. Kh3 Re3+ 26. g3
Nf2# 0-1

[Event "Junior Online 4NCL Division 5"]
[Site "online"]
[Date "2020.05.07"]
[Round "4.23"]
[White "Wood, Gabriel"]
[Black "Kumar, Kabir"]
[Result "0-1"]
[WhiteElo "1345"]
[BlackElo "729"]
[PlyCount "110"]
[EventDate "2020.05.07"]
[WhiteTeam "Hull and Friends 2"]
[BlackTeam "Phones Junior B"]

1. e4 e5 2. Nf3 Nc6 3. Bc4 Nf6 4. Ng5 d5 5. exd5 Na5 6. Bb5+ c6 7. dxc6 Nxc6 8.
Nc3 Bc5 9. O-O O-O 10. d3 Bg4 11. Nf3 Nd4 12. Kh1 Bxf3 13. gxf3 Nxb5 14. Nxb5
Re8 15. c3 Qb6 16. d4 exd4 17. Nxd4 Red8 18. Qc2 Rac8 19. Nf5 Re8 20. b4 Qb5
21. Rg1 Bxf2 22. Qxf2 Qxf5 23. Qg2 g6 24. Bd2 Qd5 25. Bg5 Nh5 26. Bd2 Re5 27.
Rad1 Qxa2 28. Qg4 Nf6 29. Qxc8+ Kg7 30. Qc7 Rh5 31. c4 Qb3 32. Qf4 Rf5 33. Qd4
Qxf3+ 34. Rg2 Qxd1+ 35. Qg1 Rf1 36. Qxf1 Qxf1+ 37. Rg1 Qf3+ 38. Rg2 Qd1+ 39.
Rg1 Qxd2 40. Rg2 Qxb4 41. Rg1 Qxc4 42. Rg2 Ne4 43. Rg1 Nf2+ 44. Kg2 Ne4 45. Kh1
Qe2 46. Rg2 Nf2+ 47. Rxf2 Qxf2 48. h4 Qxh4+ 49. Kg2 a5 50. Kf3 a4 51. Ke2 a3
52. Kd2 a2 53. Kc3 a1=Q+ 54. Kc2 Qf2+ 55. Kd3 Qad4# 0-1

[Event "Junior Online 4NCL Division 5"]
[Site "online"]
[Date "2020.05.07"]
[Round "4.24"]
[White "Srivastava, Aditya"]
[Black "Luckhurst, Isaac"]
[Result "1-0"]
[WhiteElo "654"]
[BlackElo "1075"]
[PlyCount "69"]
[EventDate "2020.05.07"]
[WhiteTeam "Phones Junior B"]
[BlackTeam "Hull and Friends 2"]

1. e4 e5 2. Nf3 Nf6 3. Nxe5 d6 4. Nf3 Nxe4 5. Qe2 d5 6. d3 Be7 7. dxe4 Bb4+ 8.
c3 Be7 9. exd5 Qxd5 10. Qb5+ c6 11. Qxd5 cxd5 12. Bb5+ Bd7 13. Bxd7+ Kxd7 14.
Ne5+ Kd6 15. Nxf7+ Kd7 16. Nxh8 Nc6 17. Nd2 Rxh8 18. O-O Rf8 19. c4 dxc4 20.
Nxc4 Rf6 21. Bg5 Rg6 22. Bxe7 Nxe7 23. Ne5+ Ke6 24. Nxg6 hxg6 25. Rfc1 Nf5 26.
Rc7 Nd4 27. Rxb7 Ne2+ 28. Kf1 Nd4 29. Rxa7 Nc6 30. Ra6 Kd6 31. Rc1 Kc7 32.
Rcxc6+ Kb7 33. Rxg6 Kc7 34. Rxg7+ Kc8 35. Ra8# 1-0

[Event "Junior Online 4NCL Division 5"]
[Site "online"]
[Date "2020.05.07"]
[Round "4.25"]
[White "Dholakia, Kanish"]
[Black "Triffitt, Bradley"]
[Result "0-1"]
[WhiteElo "771"]
[BlackElo "1495"]
[PlyCount "74"]
[EventDate "2020.05.07"]
[WhiteTeam "Phones Junior B"]
[BlackTeam "Hull and Friends 2"]

1. e4 c5 2. Nc3 Nc6 3. b3 Nf6 4. Nf3 d6 5. h3 g6 6. Bb2 Bg7 7. d3 O-O 8. Be2
Nh5 9. Qd2 a6 10. O-O b5 11. Rab1 e6 12. Nd1 e5 13. Ng5 Nf4 14. Nf3 Bh6 15. Qe1
Bxh3 16. gxh3 Qd7 17. Nh2 Qxh3 18. Ne3 Nd4 19. Bg4 Qh4 20. Kh1 Nxd3 21. cxd3
Bf4 22. Bh3 Qxh3 23. Neg4 Nf3 24. Qe2 Nxh2 25. f3 Nxg4+ 26. Kg1 Be3+ 27. Rf2
Bxf2+ 28. Qxf2 Nxf2 29. Kxf2 Qh2+ 30. Ke3 Qf4+ 31. Ke2 f5 32. Rf1 fxe4 33. Bc1
exd3+ 34. Ke1 Qxc1+ 35. Kf2 Rxf3+ 36. Kxf3 Qxf1+ 37. Ke3 Qe2# 0-1

[Event "Junior Online 4NCL Division 5"]
[Site "online"]
[Date "2020.05.07"]
[Round "4.26"]
[White "Kasprzyk, Milosz"]
[Black "Benson, Alice"]
[Result "1-0"]
[WhiteElo "1405"]
[BlackElo "740"]
[PlyCount "45"]
[EventDate "2020.05.07"]
[WhiteTeam "Hull and Friends 2"]
[BlackTeam "Phones Junior B"]

1. e4 c6 2. d4 d5 3. Nc3 dxe4 4. Nxe4 Bf5 5. Ng3 Bg6 6. Nf3 Nf6 7. h4 h6 8. Bd3
Bxd3 9. Qxd3 e6 10. Bd2 Bd6 11. O-O-O O-O 12. Ne4 Nxe4 13. Qxe4 a5 14. g4 b5
15. h5 a4 16. g5 a3 17. b3 hxg5 18. Nxg5 g6 19. hxg6 Re8 20. Rh8+ Kxh8 21. Qh4+
Kg7 22. Qh7+ Kf6 23. Qxf7# 1-0

[Event "Junior Online 4NCL Division 5"]
[Site "online"]
[Date "2020.05.07"]
[Round "4.27"]
[White "Kumar, Kabir"]
[Black "Wood, Gabriel"]
[Result "0-1"]
[WhiteElo "729"]
[BlackElo "1345"]
[PlyCount "186"]
[EventDate "2020.05.07"]
[WhiteTeam "Phones Junior B"]
[BlackTeam "Hull and Friends 2"]

1. d4 Nf6 2. c4 e6 3. Nc3 d5 4. Bg5 c6 5. e4 h6 6. Bh4 Be7 7. e5 Nfd7 8. Bxe7
Qxe7 9. Nf3 f6 10. Bd3 f5 11. Qc2 Nb6 12. c5 N6d7 13. O-O g5 14. h3 h5 15. Qd2
g4 16. Ng5 gxh3 17. Nxh3 Qh4 18. Qg5 Qg4 19. Be2 Qxg5 20. Nxg5 Nf8 21. Rad1 Na6
22. a3 b5 23. Ra1 Nc7 24. a4 b4 25. Nd1 a5 26. Ne3 Ba6 27. Bxa6 Nxa6 28. b3
O-O-O 29. Rfc1 Rd7 30. Rc2 Rg7 31. Nh3 h4 32. Kf1 Ng6 33. Ke2 Ne7 34. Rh1 Rf8
35. Nf4 Rg4 36. Nxg4 fxg4 37. Nxe6 Rh8 38. Rcc1 Nf5 39. g3 h3 40. Rcd1 Nc7 41.
Ng5 Kd7 42. Nf7 Rf8 43. Ng5 Rg8 44. Nf7 Rg7 45. Nd6 Nxd6 46. exd6 Ne6 47. Kd2
Nxd4 48. Kc1 Nxb3+ 49. Kb2 Nxc5 50. Rdf1 Kxd6 51. f3 gxf3 52. Rxf3 Rh7 53. Rf6+
Kc7 54. Rf4 Nxa4+ 55. Kb3 Nc5+ 56. Kb2 Kb6 57. Rh4 Re7 58. R4xh3 Re2+ 59. Kc1
a4 60. R3h2 Nd3+ 61. Kb1 Re4 62. Rd2 Nc5 63. Rb2 Kb5 64. Rh8 Re1+ 65. Kc2 Re2+
66. Kc1 Re7 67. Rb8+ Nb7 68. Kc2 c5 69. g4 a3 70. Rb1 c4 71. Ra8 b3+ 72. Kc3 a2
73. Rxa2 Re3+ 74. Kd2 Rg3 75. Ra7 Na5 76. Rg7 Kb4 77. Rg8 c3+ 78. Kc1 b2+ 79.
Kc2 Rg2+ 80. Kd3 Ka4 81. Kxc3 Nc4 82. Ra8+ Kb5 83. Rb8+ Ka4 84. Rb4+ Ka5 85.
Kb3 Nd2+ 86. Kc2 Nxb1+ 87. Kxb1 Kxb4 88. Ka2 b1=Q+ 89. Kxb1 Kc3 90. g5 Rxg5 91.
Ka2 Kb4 92. Ka1 Kb3 93. Kb1 Rg1# 0-1

[Event "Junior Online 4NCL Division 5"]
[Site "online"]
[Date "2020.05.07"]
[Round "4.28"]
[White "Luckhurst, Isaac"]
[Black "Srivastava, Aditya"]
[Result "0-1"]
[WhiteElo "1075"]
[BlackElo "654"]
[PlyCount "78"]
[EventDate "2020.05.07"]
[WhiteTeam "Hull and Friends 2"]
[BlackTeam "Phones Junior B"]

1. e4 e5 2. Nf3 Nf6 3. Nxe5 Qe7 4. c3 Qxe5 5. Qa4 Qxe4+ 6. Qxe4+ Nxe4 7. d3 Nf6
8. Bg5 Be7 9. Nd2 Nc6 10. O-O-O h6 11. Be3 O-O 12. d4 Ng4 13. Bf4 Nxf2 14. Bc4
Nxd1 15. Rxd1 d6 16. Nf3 Be6 17. Bd3 Bxa2 18. Re1 f5 19. Bxf5 Rxf5 20. g3 Bg5
21. Bxg5 hxg5 22. Nxg5 Rxg5 23. Rg1 Kf7 24. h4 Rg6 25. h5 Rh6 26. g4 g6 27. g5
Rxh5 28. d5 Ne7 29. Rf1+ Nf5 30. Rg1 Rah8 31. Kd2 Rh2+ 32. Kd3 R8h3+ 33. Ke4
Ng3+ 34. Kf3 Bxd5+ 35. Kg4 Nf5 36. Rd1 Bf3+ 37. Kf4 Bxd1 38. b4 Rc2 39. c4
Rxc4# 0-1

[Event "Junior Online 4NCL Division 5"]
[Site "online"]
[Date "2020.05.07"]
[Round "4.31"]
[White "Sharan, Kartike"]
[Black "McIntyre, Jack"]
[Result "1-0"]
[WhiteElo "1140"]
[BlackElo "1376"]
[PlyCount "67"]
[EventDate "2020.05.07"]
[WhiteTeam "Phones Junior A"]
[BlackTeam "Gonzaga College SJ C"]

1. e4 e5 2. Nf3 Nc6 3. Bc4 Bc5 4. Nc3 Nf6 5. d3 h6 6. Be3 Bxe3 7. fxe3 d6 8. h3
Na5 9. Bb3 c6 10. Qd2 O-O 11. O-O Nxb3 12. axb3 Re8 13. Rae1 d5 14. exd5 cxd5
15. d4 exd4 16. exd4 Be6 17. Ne5 Qa5 18. Ra1 Qb4 19. Ra4 Qb6 20. Qf2 Qc7 21.
Raa1 Nd7 22. Nxd7 Qxd7 23. Rae1 Re7 24. Na4 b6 25. Qg3 Rc8 26. Nc3 b5 27. Rf2
a5 28. Re5 f6 29. Rh5 Rf7 30. Rxh6 Rcf8 31. Qg6 Re8 32. Rf4 Qe7 33. Rfh4 Bf5
34. Rh8# 1-0

[Event "Junior Online 4NCL Division 5"]
[Site "online"]
[Date "2020.05.07"]
[Round "4.32"]
[White "He, Andrew"]
[Black "Vadalia, Jainill"]
[Result "0-1"]
[WhiteElo "1207"]
[BlackElo "1123"]
[PlyCount "68"]
[EventDate "2020.05.07"]
[WhiteTeam "Gonzaga College SJ C"]
[BlackTeam "Phones Junior A"]

1. Nf3 d5 2. g3 c5 3. Bg2 Nf6 4. d3 Nc6 5. Nbd2 Bd7 6. c4 e6 7. O-O Bd6 8. cxd5
exd5 9. Nb3 O-O 10. Be3 d4 11. Bf4 Bxf4 12. gxf4 Qe7 13. Qc2 Nd5 14. Nxc5 Nxf4
15. Nxd7 Qxd7 16. Rfe1 Qg4 17. Nh4 Qxh4 18. e3 Nxg2 19. Kxg2 dxe3 20. Rxe3 Rac8
21. Rh3 Qg5+ 22. Rg3 Qd5+ 23. f3 Nd4 24. Qa4 Rc2+ 25. Kf1 Qb5 26. Qxd4 g6 27.
b3 Qe8 28. Re1 Qd8 29. Qe4 Rxa2 30. Rh3 Qd7 31. Rd1 Qxh3+ 32. Ke1 Qxh2 33. Rc1
Qf2+ 34. Kd1 Qd2# 0-1

[Event "Junior Online 4NCL Division 5"]
[Site "online"]
[Date "2020.05.07"]
[Round "4.33"]
[White "Lukhi, Neev"]
[Black "Burke, Hugh"]
[Result "0-1"]
[WhiteElo "969"]
[BlackElo "977"]
[PlyCount "100"]
[EventDate "2020.05.07"]
[WhiteTeam "Phones Junior A"]
[BlackTeam "Gonzaga College SJ C"]

1. e4 c5 2. Nf3 d6 3. d4 cxd4 4. Nxd4 Nf6 5. Nc3 a6 6. Be3 e6 7. Be2 Be7 8. h3
Qc7 9. Qd2 Nbd7 10. O-O b5 11. a3 Bb7 12. Bf3 Ne5 13. Qe2 Nxf3+ 14. Qxf3 d5 15.
exd5 Nxd5 16. Nxd5 Bxd5 17. Qe2 Bc4 18. Qf3 Rc8 19. Rfc1 O-O 20. b3 Bd5 21. Qe2
Bf6 22. Qg4 Rfd8 23. Rab1 Qe7 24. a4 b4 25. Nf3 e5 26. Qg3 e4 27. Ng5 Be5 28.
Bf4 Bxf4 29. Qxf4 h6 30. Nxe4 Qxe4 31. Qxe4 Bxe4 32. Rb2 Rd2 33. Kh2 Rdxc2 34.
Rbxc2 Rxc2 35. Rxc2 Bxc2 36. a5 Bxb3 37. Kg1 Bc4 38. f4 b3 39. Kf2 b2 40. Kg3
b1=Q 41. Kh2 Qa1 42. Kg3 Qxa5 43. Kh2 g5 44. fxg5 Qxg5 45. Kh1 a5 46. Kh2 a4
47. Kh1 a3 48. Kg1 a2 49. Kh2 Qf4+ 50. Kg1 a1=Q# 0-1

[Event "Junior Online 4NCL Division 5"]
[Site "online"]
[Date "2020.05.07"]
[Round "4.34"]
[White "Cloonan, Mark"]
[Black "Anbu, Rajkumar"]
[Result "1-0"]
[WhiteElo "963"]
[BlackElo "813"]
[PlyCount "99"]
[EventDate "2020.05.07"]
[WhiteTeam "Gonzaga College SJ C"]
[BlackTeam "Phones Junior A"]

1. e4 e5 2. Nf3 Nc6 3. Bc4 Bc5 4. O-O Nf6 5. Nc3 O-O 6. d3 h6 7. Na4 d6 8. Nxc5
dxc5 9. h3 Nd4 10. c3 Nxf3+ 11. Qxf3 a6 12. a4 Be6 13. Bxe6 fxe6 14. Qe3 c6 15.
Qxc5 Nd7 16. Qc4 Qe7 17. b3 Rac8 18. Qb4 Qxb4 19. cxb4 c5 20. bxc5 Nxc5 21. Ba3
Nxb3 22. Bxf8 Nxa1 23. Bd6 Nc2 24. Rc1 Rc6 25. Bxe5 Nb4 26. Rxc6 Nxc6 27. Bc3
b5 28. axb5 axb5 29. d4 g5 30. f3 Kf7 31. Kf2 b4 32. Bb2 Kf6 33. d5+ Ke7 34.
dxc6 Kd6 35. Ke3 Kxc6 36. Kd4 Kb5 37. Kd3 Ka4 38. Kc2 e5 39. Bxe5 b3+ 40. Kb2
h5 41. Bc3 g4 42. fxg4 hxg4 43. hxg4 Kb5 44. g5 Kc4 45. g6 Kd3 46. Kxb3 Kxe4
47. g7 Ke3 48. g8=Q Ke2 49. Qf8 Kd1 50. Qf1# 1-0

[Event "Junior Online 4NCL Division 5"]
[Site "online"]
[Date "2020.05.07"]
[Round "4.35"]
[White "McIntyre, Jack"]
[Black "Sharan, Kartike"]
[Result "1-0"]
[WhiteElo "1376"]
[BlackElo "1140"]
[PlyCount "119"]
[EventDate "2020.05.07"]
[WhiteTeam "Gonzaga College SJ C"]
[BlackTeam "Phones Junior A"]

1. e4 e5 2. Nf3 Nc6 3. Bc4 Bc5 4. c3 Nf6 5. d3 d6 6. Nbd2 Bg4 7. Nf1 Na5 8. Bb3
c6 9. Bc2 Qb6 10. Be3 Bxe3 11. Nxe3 c5 12. Rb1 Nc6 13. h3 Bh5 14. g4 Bg6 15.
Ba4 c4 16. Nd5 Qd8 17. Bxc6+ bxc6 18. Qa4 O-O 19. Qxc6 cxd3 20. Nxf6+ Qxf6 21.
Nd2 Rac8 22. Qa6 Rc7 23. Qxd3 Rfc8 24. O-O Qf4 25. Qxd6 Bxe4 26. Nxe4 Qxe4 27.
Rfe1 Qa4 28. Qxe5 f6 29. Qd5+ Kf8 30. Qb3 Qxb3 31. axb3 Rb7 32. b4 Ra8 33. Ra1
a5 34. Rxa5 Rxa5 35. bxa5 Rxb2 36. Ra1 Rb8 37. a6 Ra8 38. a7 Ke8 39. c4 Kd7 40.
Ra6 Kc7 41. Kg2 Kb7 42. Ra5 Kb6 43. Ra4 Kc5 44. Kf3 Kb6 45. Ke4 Rxa7 46. Rxa7
Kxa7 47. Kd5 Kb7 48. Kd6 Kb6 49. c5+ Kb7 50. c6+ Kc8 51. c7 h6 52. f4 g5 53.
fxg5 fxg5 54. Ke6 Kxc7 55. Kf6 Kd6 56. Kg6 Ke5 57. Kxh6 Kf4 58. Kg6 Kg3 59.
Kxg5 Kxh3 60. Kh5 1-0

[Event "Junior Online 4NCL Division 5"]
[Site "online"]
[Date "2020.05.07"]
[Round "4.36"]
[White "Vadalia, Jainill"]
[Black "He, Andrew"]
[Result "1-0"]
[WhiteElo "1123"]
[BlackElo "1207"]
[PlyCount "135"]
[EventDate "2020.05.07"]
[WhiteTeam "Phones Junior A"]
[BlackTeam "Gonzaga College SJ C"]

1. d4 Nf6 2. c4 g6 3. Nc3 Bg7 4. e4 d6 5. Nf3 O-O 6. Be2 Nbd7 7. O-O e5 8. Bg5
h6 9. Be3 exd4 10. Nxd4 Nc5 11. Bf3 Re8 12. Qc2 Qe7 13. Nd5 Nxd5 14. exd5 Ne4
15. Rfe1 Qf6 16. Bxe4 Qh4 17. f3 Be5 18. g3 Qf6 19. Nb5 Re7 20. Bxh6 a6 21. Nc3
Bd4+ 22. Kh1 Bf5 23. Bxf5 Rxe1+ 24. Rxe1 gxf5 25. Qd2 f4 26. Bxf4 Kh7 27. Ne4
Qg7 28. b3 Rh8 29. Rd1 Bb6 30. Be3 Bxe3 31. Qxe3 Kg8 32. Qf2 Qh6 33. f4 Qh7 34.
Ng5 Qh5 35. Re1 Kg7 36. Qd4+ f6 37. Ne6+ Kg6 38. Qf2 Kf7 39. Qe2 Qh3 40. Qg2
Qh5 41. Nd4 Kg6 42. Nf3 Qg4 43. Nh4+ Kg7 44. Qf3 Rxh4 45. Qxg4+ Rxg4 46. Re7+
Kg6 47. Rxc7 b5 48. Rc6 Kf5 49. Rxd6 Rg5 50. fxg5 bxc4 51. bxc4 fxg5 52. c5 Ke5
53. Rxa6 Kxd5 54. c6 Kd6 55. a4 Kc7 56. a5 Kc8 57. Ra7 g4 58. Rg7 Kb8 59. a6
Ka8 60. Rxg4 Kb8 61. h4 Ka7 62. h5 Kxa6 63. h6 Kb6 64. h7 Kxc6 65. h8=Q Kb7 66.
Rg6 Kc7 67. Qh7+ Kb8 68. Rg8# 1-0

[Event "Junior Online 4NCL Division 5"]
[Site "online"]
[Date "2020.05.07"]
[Round "4.37"]
[White "Burke, Hugh"]
[Black "Lukhi, Neev"]
[Result "0-1"]
[WhiteElo "977"]
[BlackElo "969"]
[PlyCount "98"]
[EventDate "2020.05.07"]
[WhiteTeam "Gonzaga College SJ C"]
[BlackTeam "Phones Junior A"]

1. e4 b6 2. d4 Bb7 3. Bd3 e6 4. Nf3 d5 5. e5 Nd7 6. O-O g6 7. Re1 Bg7 8. Nc3
Ne7 9. Be3 O-O 10. Qd2 c5 11. Ne2 c4 12. Bxc4 dxc4 13. Ng5 Nf5 14. Bf4 Nh4 15.
Nc3 Nxg2 16. Re2 Nxf4 17. Qxf4 Bh6 18. h4 Bxg5 19. hxg5 Qc7 20. Re3 f6 21. Qh4
fxg5 22. Qxg5 Rf5 23. Qh6 Rh5 24. Qxh5 gxh5 25. Kh2 Rf8 26. Rg1+ Kh8 27. Rh3
Rxf2+ 28. Kg3 Rf3+ 29. Kh4 Rxh3+ 30. Kxh3 Qd8 31. Ne2 Qf8 32. Ng3 h4 33. Rf1
Qh6 34. Ne2 Qe3+ 35. Kxh4 Qxe2 36. Rf7 Qh2+ 37. Kg5 h6+ 38. Kg6 Be4+ 39. Rf5
Bxf5+ 40. Kf7 Qh5+ 41. Ke7 Nb8 42. Kd6 Qe8 43. Kc7 Qd7+ 44. Kxb8 Bg6 45. Ka8
Qc8+ 46. Kxa7 Qc7+ 47. Ka6 Be8 48. a4 Bc6 49. a5 Qb7# 0-1

[Event "Junior Online 4NCL Division 5"]
[Site "online"]
[Date "2020.05.07"]
[Round "4.38"]
[White "Anbu, Rajkumar"]
[Black "Cloonan, Mark"]
[Result "0-1"]
[WhiteElo "813"]
[BlackElo "963"]
[PlyCount "70"]
[EventDate "2020.05.07"]
[WhiteTeam "Phones Junior A"]
[BlackTeam "Gonzaga College SJ C"]

1. e4 e5 2. Nf3 Nc6 3. Bc4 h6 4. Nc3 Nf6 5. d3 Bc5 6. O-O O-O 7. h3 d6 8. Be3
Bxe3 9. fxe3 Na5 10. Bb3 Nxb3 11. axb3 Re8 12. Qe2 b6 13. d4 exd4 14. exd4 Bb7
15. e5 Nd7 16. Ne1 dxe5 17. dxe5 Nxe5 18. Qf2 f6 19. Rd1 Qe7 20. Nd3 Nxd3 21.
Rxd3 Ba6 22. Nd5 Qf7 23. Qf4 Bxd3 24. cxd3 Qxd5 25. Qxc7 Qxd3 26. b4 Qd4+ 27.
Kh2 Qe5+ 28. Kg1 Qxc7 29. g4 Qg3+ 30. Kh1 Qxh3+ 31. Kg1 Re3 32. Rc1 Qxg4+ 33.
Kf2 Qf4+ 34. Kg2 Rg3+ 35. Kh1 Qh4# 0-1

[Event "Junior Online 4NCL Division 5"]
[Site "online"]
[Date "2020.05.07"]
[Round "4.41"]
[White "Madhavan, Sanjith"]
[Black "Shahameeran, Ashika"]
[Result "1-0"]
[WhiteElo "1498"]
[BlackElo "1319"]
[PlyCount "59"]
[EventDate "2020.05.07"]
[WhiteTeam "East Kilbride Knights"]
[BlackTeam "St John's College B"]

1. e4 e5 2. Nf3 Nc6 3. Nc3 Nf6 4. Be2 Be7 5. O-O O-O 6. d4 exd4 7. Nxd4 Bb4 8.
Nd5 Nxd4 9. Qxd4 Ba5 10. Bg5 Bb6 11. Nxf6+ gxf6 12. Qxf6 Qxf6 13. Bxf6 Re8 14.
Bf3 d6 15. Rfe1 Re6 16. Bc3 Bd7 17. Bg4 Re7 18. Bf6 Bxg4 19. Bxe7 Re8 20. Bf6
Bh5 21. Kf1 Bg6 22. f3 Re6 23. Bc3 Re7 24. Rad1 Rd7 25. Bd4 c5 26. Bf6 c4 27.
Rd5 Bc5 28. Red1 Kf8 29. Rxc5 b6 30. Rc8+ 1-0

[Event "Junior Online 4NCL Division 5"]
[Site "online"]
[Date "2020.05.07"]
[Round "4.42"]
[White "Lee, Krishna"]
[Black "Shrestha, Unnabh"]
[Result "0-1"]
[WhiteElo "1148"]
[BlackElo "1084"]
[PlyCount "62"]
[EventDate "2020.05.07"]
[WhiteTeam "St John's College B"]
[BlackTeam "East Kilbride Knights"]

1. e4 c6 2. Nf3 d5 3. Nc3 dxe4 4. Nxe4 Bf5 5. Nc3 Nf6 6. Bc4 e6 7. a3 Bd6 8. h3
Qc7 9. d3 Nbd7 10. Be3 a6 11. Qe2 h6 12. g4 Bh7 13. O-O-O O-O-O 14. Ne4 Nxe4
15. dxe4 Bxe4 16. Bd4 Bxf3 17. Qxf3 Ne5 18. Qb3 Nxc4 19. Qxc4 Be5 20. Qb4 Rde8
21. Rhe1 Bxd4 22. Qxd4 e5 23. Qc3 f6 24. f3 Rd8 25. h4 Rxd1+ 26. Rxd1 Rd8 27.
Re1 Qd6 28. Qb3 Qd2+ 29. Kb1 Qxe1+ 30. Ka2 Qxh4 31. Qf7 Qg5 0-1

[Event "Junior Online 4NCL Division 5"]
[Site "online"]
[Date "2020.05.07"]
[Round "4.43"]
[White "Tandon, Ashley"]
[Black "Sequeira, Robert"]
[Result "1-0"]
[WhiteElo "905"]
[BlackElo "1074"]
[PlyCount "111"]
[EventDate "2020.05.07"]
[WhiteTeam "East Kilbride Knights"]
[BlackTeam "St John's College B"]

1. d4 d5 2. c4 c6 3. Nc3 Nf6 4. Nf3 e6 5. e3 Be7 6. Bd3 O-O 7. O-O b6 8. Qc2
Ba6 9. b3 Nbd7 10. Re1 Rb8 11. e4 dxe4 12. Nxe4 c5 13. Nxf6+ Nxf6 14. Bg5 h6
15. Bf4 Bd6 16. Bxd6 Qxd6 17. dxc5 bxc5 18. Rad1 Qe7 19. Ne5 Bb7 20. Qe2 Rfe8
21. Nf3 Rbd8 22. h3 Qc7 23. Ne5 Ba8 24. Ng4 Qb7 25. Nxf6+ gxf6 26. Qg4+ Kf8 27.
Be4 Qxe4 28. Rxe4 Bxe4 29. Rxd8 Rxd8 30. Qxe4 Kg7 31. Qg4+ Kh7 32. Qe4+ Kg7 33.
Qb7 f5 34. Qxa7 Rc8 35. Qb7 Rd8 36. Qc6 Ra8 37. Qxa8 Kf6 38. Qc6 h5 39. Qxc5
Kg7 40. Qe5+ Kf8 41. Qh8+ Ke7 42. Qxh5 Kd7 43. Qxf7+ Kd6 44. c5+ Kxc5 45. Qxe6
Kb4 46. Qxf5 Ka3 47. Kh2 Kxa2 48. b4 Kb3 49. b5 Kc3 50. b6 Kd4 51. b7 Kc4 52.
b8=Q Kd4 53. Qd6+ Kc4 54. Qfc5+ Kb3 55. Qd3+ Ka4 56. Qca3# 1-0

[Event "Junior Online 4NCL Division 5"]
[Site "online"]
[Date "2020.05.07"]
[Round "4.44"]
[White "Doddi, Sammy"]
[Black "Nagar Nikunj"]
[Result "1-0"]
[WhiteElo "1070"]
[BlackElo "653"]
[PlyCount "37"]
[EventDate "2020.05.07"]
[WhiteTeam "St John's College B"]
[BlackTeam "East Kilbride Knights"]

1. d4 d5 2. Nf3 Bf5 3. Nc3 Nc6 4. Bg5 Nb4 5. e4 dxe4 6. Nxe4 Bxe4 7. Bd3 Bxd3
8. cxd3 Nc6 9. O-O Nxd4 10. Nxd4 Qxd4 11. Rc1 O-O-O 12. Be3 Qxd3 13. Qxd3 Rxd3
14. Bxa7 Rd2 15. Be3 Rxb2 16. Bf4 Nf6 17. Rxc7+ Kd8 18. Rd1+ Ke8 19. Rc8# 1-0

[Event "Junior Online 4NCL Division 5"]
[Site "online"]
[Date "2020.05.07"]
[Round "4.45"]
[White "Shahameeran, Ashika"]
[Black "Madhavan, Sanjith"]
[Result "0-1"]
[WhiteElo "1319"]
[BlackElo "1498"]
[PlyCount "78"]
[EventDate "2020.05.07"]
[WhiteTeam "St John's College B"]
[BlackTeam "East Kilbride Knights"]

1. e4 c6 2. d4 d5 3. exd5 cxd5 4. Nc3 Nc6 5. Nf3 Nf6 6. Bb5 Bg4 7. Bxc6+ bxc6
8. O-O e6 9. Qd3 Bf5 10. Qe3 Bd6 11. Ne5 Qc7 12. Qe2 O-O 13. Bg5 Ne4 14. Bf4
Nxc3 15. bxc3 f6 16. Nd3 Bxf4 17. Nxf4 Qxf4 18. Rab1 Qe4 19. Qd2 Qxc2 20. Qxc2
Bxc2 21. Rbc1 Bd3 22. Rfe1 Bf5 23. Re3 Rab8 24. Re2 Rb1 25. Rxb1 Bxb1 26. Rxe6
Bxa2 27. Re1 Rb8 28. h3 Rb1 29. Rf1 Rxf1+ 30. Kxf1 Kf7 31. Ke2 Ke6 32. Kd2 Kd6
33. Kc2 c5 34. dxc5+ Kxc5 35. Kb2 Kc4 36. Kxa2 Kxc3 37. Ka3 d4 38. Ka2 Kc2 39.
Ka1 d3 0-1

[Event "Junior Online 4NCL Division 5"]
[Site "online"]
[Date "2020.05.07"]
[Round "4.46"]
[White "Shrestha, Unnabh"]
[Black "Lee, Krishna"]
[Result "1-0"]
[WhiteElo "1084"]
[BlackElo "1148"]
[PlyCount "69"]
[EventDate "2020.05.07"]
[WhiteTeam "East Kilbride Knights"]
[BlackTeam "St John's College B"]

1. d4 d5 2. Bf4 e6 3. e3 c5 4. Nf3 Nc6 5. c3 Nf6 6. h3 Bd6 7. Bxd6 Qxd6 8. Bd3
cxd4 9. exd4 O-O 10. Nbd2 h6 11. Qc2 Re8 12. O-O-O e5 13. dxe5 Nxe5 14. Nxe5
Rxe5 15. Nf3 Re8 16. Rdg1 Qb6 17. g4 Qc6 18. g5 hxg5 19. Nxg5 Re5 20. h4 g6 21.
Bxg6 Re7 22. Bh7+ Kh8 23. Re1 Rxe1+ 24. Rxe1 d4 25. Nxf7+ Kg7 26. Qg6+ Kf8 27.
Nh8 Be6 28. Qxf6+ Ke8 29. Bg6+ Kd7 30. Qxd4+ Ke7 31. Bf5 Rf8 32. Rxe6+ Qxe6 33.
Bxe6 Kxe6 34. Qc4+ Ke7 35. Ng6+ 1-0